000
00226 a2200097 4500
001
30840
100
_a
Abu Al-Hassan Ali Nadvi
245
_a
Maqalat-e-Seerat
260
_a
Karachi
_b
Majlas-e-Nashriat
_c
090
_c
20737
_d
20737
942
_a
NUST-CAE
_c
M
_c
11933
999
_c
265913
_d
265913